00938cam a22002651 4500001001300000003000400013005001700017008004100034010001700075035001900092040002200111041001100133042001200144050001800156100001700174245017800191250001400369260004400383300002500427500010900452500002600561504003100587600003700618999001700655sa 67004275 DLC20260227112345.0801103s1963 ii b 000 0 eng  asa 67004275  a(OCoLC)6894139 aDLCcNBrockUdDLC0 aengsan apremarc00aPK3796.K8bS90 aSurya Kanta.10aKālidāsa's vision of Kumārasaḿbhava,ba study of the Kumāra-problem; a key to the correct comprehension of Kālidāsa's poem and philosophyc[by] Sūryakānta. a[1st ed.] aDelhi,bMehar Chand Lachman Dasc[1963] axiii, 150 p.c23 cm. aOn verso of t.p.: Published by Sudarshan Kumar under the authority of Shri Bhārata Bhāratī, Delhi. aEnglish and Sanskrit. aBibliographical footnotes.00aKālidāsa.tKumārasambhava. c74353d74353